| 000 | 03030nam a2200313 i 4500 | ||
|---|---|---|---|
| 003 | CSPC | ||
| 005 | 20260226161459.0 | ||
| 008 | 260226s2025 ph a b 000 0 eng d | ||
| 040 |
_aCSPC _beng _cCSPC _erda |
||
| 090 | _aUTH BSOA Al119a 2025 | ||
| 100 | 1 |
_aAlapad, Angel A., _eauthor. |
|
| 245 | 1 | 0 |
_aAssessing the level of automation, challenges, and best practices in enhancing supply chain efficiency in 7-eleven convenience store : _ba case study / _cAngel O. Alapad, Almira D. Arcilla, and Arjan C. Aypa. |
| 260 |
_aBuhi, Camarines Sur : _bCamarines Sur Polytechnic Colleges, _c2025. |
||
| 300 | _a114 leaves. | ||
| 336 |
_2rdacontent _atext |
||
| 337 |
_2rdamedia _aunmediated |
||
| 338 |
_2rdacarrier _avolume |
||
| 502 |
_aUndergraduate Thesis (BSOA)- Office Administration. _cCamarines Sur Polytechnic Colleges, 2025. |
||
| 504 | _aIncludes bibliographical references. | ||
| 520 | 3 | _aThe study investigates the level automation, challenges, and best practices contributing towards supply chain efficiency in 7-Eleven convenience store. As modern convenience stores rely heavily on real-time data, automated systems, and efficient logistics to meet customer demand. There is a need to ascertain how the level of automation impacts the efficiency of the overall supply chain performance has become highly relevant. A descriptive research design was utilized by using questionnaires and face-to-face interviews with 7 respondents. The level of automation is Excellent on all areas in Supply Chain operations. Automation in procurement process, inventory management, order fulfillment and tracking, supplier communication, record-keeping and documentation are significantly enhanced the efficiency, accuracy and reliability of the system process. The perceived level of supply chain efficiency is rated Excellent on all the key areas in transaction speed, accuracy of data, order processing time, and cost management being responsive to issues or disruptions. The results confirms that the level of supply of chain in 7 Eleven strengthen by the automation, leading to more reliable and effective in operations. The level of Automation and level of Supply Chain efficiency are having a strong and positive significant relationship to the 7-Eleven employees. These challenges show the need for proper training and technical support to ensure the success on using the automated system. The best practices are applied in the store of 7-Eleven is the uses automation to accurately track inventory in real time. All respondents unanimously agreed on a consistent in best practices in 7-Eleven Convenience Store. | |
| 700 | 1 |
_aArcilla, Almira D., _eauthor. |
|
| 700 | 1 |
_aAypa, Arjan C., _eauthor. |
|
| 720 | 1 |
_aLuzon, NiƱo Jeffrey L., _eadviser. |
|
| 720 | 1 |
_aVerona, Lea Katrine S., _epanel, chair. |
|
| 720 | 1 |
_aOliveros, Josefin N., _epanelist. |
|
| 720 | 1 |
_aAdriano, Rolando B., _epanelist. |
|
| 942 |
_2ddc _n0 _cUM _hAl119a _iUTH _kBSOA _m2025 |
||
| 999 |
_c31916 _d31916 |
||